Challenges befopre the elderly : (Record no. 65412)

MARC details
000 -LEADER
fixed length control field 00620nam a22001577a 4500
005 - DATE AND TIME OF LATEST TRANSACTION
control field 20120421151216.0
020 ## - INTERNATIONAL STANDARD BOOK NUMBER
International Standard Book Number 8185880875
Terms of availability 00.00
035 ## - SYSTEM CONTROL NUMBER
System control number A-761822
037 ## - SOURCE OF ACQUISITION
Stock number DPL
Source of stock number/acquisition ENG
245 ## - TITLE STATEMENT
Title Challenges befopre the elderly :
Remainder of title An Indian scenario /
Statement of responsibility, etc edited by S. Vijaya Kumar
260 ## - PUBLICATION, DISTRIBUTION, ETC. (IMPRINT)
Place of publication, distribution, etc New Delhi
Name of publisher, distributor, etc M D Publications Pvt Ltd.
Date of publication, distribution, etc 1995
300 ## - PHYSICAL DESCRIPTION
Extent xv, 286p.
Dimensions 20 cms.
700 ## - ADDED ENTRY--PERSONAL NAME
Personal name Vijaya Kumar, S.
9 (RLIN) 45554
942 ## - ADDED ENTRY ELEMENTS (KOHA)
Source of classification or shelving scheme Dewey Decimal Classification
Item type English Books
Classification part 305.26
Call number suffix VIJ
Holdings
Withdrawn status Lost status Not for loan Collection code Home library Current library Date acquired Cost, normal purchase price Full call number Barcode Cost, replacement price Koha item type Public note
      Non-fiction Sarojini Nagar Sarojini Nagar 21/04/2012 0.00 305.26 VIJ A-761822 0.00 English Books Withdrawn List Prepared L.No.07/12

© Delhi Public Library
Hit Counter
free hit counter